Discrete-time signal processing / (Record no. 182796)
[ view plain ]
| 000 -LEADER | |
|---|---|
| fixed length control field | 00717 a2200241 4500 |
| 003 - CONTROL NUMBER IDENTIFIER | |
| control field | Nust |
| 005 - DATE AND TIME OF LATEST TRANSACTION | |
| control field | 20170207153250.0 |
| 010 ## - LIBRARY OF CONGRESS CONTROL NUMBER | |
| LC control number | 98050398 |
| 020 ## - INTERNATIONAL STANDARD BOOK NUMBER | |
| International Standard Book Number | 0137549202 |
| 035 ## - SYSTEM CONTROL NUMBER | |
| System control number | (DLC) 98050398 |
| 040 ## - CATALOGING SOURCE | |
| Transcribing agency | Nust |
| 082 00 - DEWEY DECIMAL CLASSIFICATION NUMBER | |
| Classification number | 621.3822 |
| 100 1# - MAIN ENTRY--PERSONAL NAME | |
| Personal name | Oppenheim, Alan V., |
| 245 10 - TITLE STATEMENT | |
| Title | Discrete-time signal processing / |
| Statement of responsibility, etc. | Alan V. Oppenheim, Ronald W. Schafer, with John R. Buck. |
| 250 ## - EDITION STATEMENT | |
| Edition statement | 2nd ed. |
| 260 ## - PUBLICATION, DISTRIBUTION, ETC. | |
| Place of publication, distribution, etc. | Upper Saddle River, N.J. : |
| Name of publisher, distributor, etc. | Prentice Hall, |
| Date of publication, distribution, etc. | c1999. |
| 300 ## - PHYSICAL DESCRIPTION | |
| Extent | xxvi, 870 p. : |
| Other physical details | ill. ; |
| Dimensions | 25 cm. |
| 538 ## - SYSTEM DETAILS NOTE | |
| System details note | Almirah No.31and Shelf No.6 |
| 650 #0 - SUBJECT ADDED ENTRY--TOPICAL TERM | |
| Topical term or geographic name entry element | Discrete-time systems. |
| 650 #0 - SUBJECT ADDED ENTRY--TOPICAL TERM | |
| Topical term or geographic name entry element | Signal processing |
| General subdivision | Mathematics. |
| 700 1# - ADDED ENTRY--PERSONAL NAME | |
| Personal name | Buck, John R. |
| 700 1# - ADDED ENTRY--PERSONAL NAME | |
| Personal name | Schafer, Ronald W., |
| Dates associated with a name | 1938- |
| 942 ## - ADDED ENTRY ELEMENTS (KOHA) | |
| Source of classification or shelving scheme | |
| Koha item type | Book |
| Withdrawn status | Lost status | Source of classification or shelving scheme | Damaged status | Not for loan | Collection code | Permanent Location | Current Location | Date acquired | Total Checkouts | Full call number | Barcode | Date last seen | Price effective from | Koha item type |
|---|---|---|---|---|---|---|---|---|---|---|---|---|---|---|
| Military College of Signals (MCS) | Military College of Signals (MCS) | 12/12/2016 | 621.3822 OPP | MCS28864 | 12/08/2016 | 12/12/2016 | Book |
